000 00975nam a2200265 i 4500
001 bg
100 1 _aPŁONECKI, Leszek
245 1 0 _aCyfrowe sterowanie osprzętem maszyn do robót ziemnych na przykładzie jednonaczyniowej koparki hydraulicznej.
260 _aKielce :
_bPŚ. Wydaw.,
_c1999.
300 _a225 s. :
_bfot., rys., wykr. ;
_c24 cm.
490 1 _aMonografie, Studia, Rozprawy / [Politechnika Świętokrzyska] ;
_v16
500 _aRozprawa habilitacyjna.
504 _aBibliogr. s. 216-225.
650 9 _aHydraulika
_xurządzenia
_xautomatyzacja
650 9 _aKoparki
_xautomatyzacja
650 9 _aRoboty ziemne
_xmechanizacja
650 9 _aSterowanie
_xautomatyzacja
650 9 _aUkłady cyfrowe
_xstosowanie
_xelektrotechnika
830 0 _aMonografie, Studia, Rozprawy ([Politechnika Świętokrzyska]) ;
_v16
040 _cBPK
041 0 _apl
080 _a621.86/.87-82:624.13/.14:004
942 _cKS
008 s pl f |000 0 pol
999 _c37750
_d37750
856 _uhttp://koha.tu.koszalin.pl/cgi-bin/koha/opac-detail.pl?biblionumber=37750
_yKatalog online BPK